000 00302nam a22001217a 4500
999 _c18125
_d18125
008 191209b xxu||||| |||| 00| 0 eng d
020 _a9036615623
100 _aSchippers, Hans L.
245 _aRabbits
_cHans l. Schippers
260 _aUK
_bRebo Publishers
_c2006
300 _a111p.
942 _2lcc
_cBK